|
|
|
|
| LEADER |
00918nam a2200349 4500 |
| 001 |
DLU050030794 |
| 005 |
##20040422 |
| 040 |
# |
# |
|a DLU
|b vie
|
| 041 |
# |
# |
|a vie
|
| 044 |
# |
# |
|a vn
|
| 082 |
# |
# |
|a 512.97
|b HA-G
|
| 100 |
# |
# |
|a Hardy, G.H.
|
| 245 |
# |
# |
|a Bất đẳng thức /
|c G.H. Hardy, J.E.Littlewood, G.Polya
|
| 260 |
# |
# |
|a H. :
|b Đại học Quốc gia,
|c 2002
|
| 300 |
# |
# |
|a 422 tr. ;
|c 27 cm
|
| 504 |
# |
# |
|a Tài liệu tham khảo :tr.405-422
|
| 653 |
# |
# |
|a Bất đẳng thức (Toán học)
|
| 700 |
# |
# |
|a Littlewood, J.E.
|
| 700 |
# |
# |
|a Nguyễn Duy Tiến,
|e dịch.
|
| 700 |
# |
# |
|a Nguyễn Hữu Ngự,
|e dịch.
|
| 700 |
# |
# |
|a Nguyễn Khắc Lân,
|e dịch.
|
| 700 |
# |
# |
|a Polya, G.
|
| 923 |
# |
# |
|a 42/2004
|
| 992 |
# |
# |
|a 50800
|
| 994 |
# |
# |
|a DLU
|
| 900 |
# |
# |
|a True
|
| 911 |
# |
# |
|a Đào Thị Thu Huyền
|
| 925 |
# |
# |
|a G
|
| 926 |
# |
# |
|a A
|
| 927 |
# |
# |
|a SH
|
| 980 |
# |
# |
|a Thư viện Trường Đại học Đà Lạt
|